Statistics for 100 Questions about Canada

Click here to take the quiz!

General Stats

  • This quiz has been taken 473 times
  • The average score is 56 of 100

Answer Stats

HintAnswer% Correct
CapitalOttawa
99%
Official languagesEnglish
96%
French
95%
National symbolMaple leaf
94%
Biggest cityToronto
94%
Neighboring countryUnited States
94%
Atlantic Ocean
92%
Pacific Ocean
92%
Canada's national sportsIce hockey
91%
Province of the aboveOntario
89%
Only province with a predominantly French-speaking populationQuebec
89%
CurrencyCanadian dollar
88%
Large waterfalls between Canada and the USNiagara Falls
88%
From whom?United Kingdom
88%
Its biggest cities are Edmonton and CalgaryAlberta
86%
Official name of the countryCanada
85%
Tallest towerCN Tower
85%
Current Prime MinisterJustin Trudeau
84%
National anthemO Canada
83%
Smallest provincePrince Edward Island
83%
Westernmost Canadian provinceBritish Columbia
82%
Yukon
82%
Young pop star, single "Baby"Justin Bieber
81%
Singer, My Heart Will Go OnCeline Dion
80%
The most easterly province consists ofNewfoundland
80%
Bordering oceansArctic Ocean
79%
National animalBeaver
79%
Monarch (first name)Elizabeth II.
79%
City which hosted the 1976 Summer OlympicsMontreal
77%
Largest island on the West Coast of North AmericaVancouver Island
77%
Capital of Nova ScotiaHalifax
75%
Nunavut
75%
Indigenous peoples who can be found in Northern CanadaInuit
74%
National dish, French fries, cheese curds, gravyPoutine
74%
Canada's oldest national parkBanff
69%
Canadians often end a sentence with ....?Eh
69%
Dominant bay in northeastern CanadaHudson Bay
69%
Three biggest islandsBaffin Island
68%
Labrador
67%
Name the three territoriesNorthwest Territories
67%
Lacrosse
63%
Canada DayJuly 1
62%
Montreal Canadiens
62%
Coffee and donutsTim Hortons
61%
Toronto Maple Leafs
61%
Year of independence1867
58%
Edmonton Oilers
58%
Green Party
58%
Liberal Party
58%
Large river connecting the Great Lakes with the AtlanticSt. Lawrence River
58%
"The Great One", number 99Wayne Gretzky
58%
National public radio and television broadcasterCBC
57%
Parties represented in the House of CommonsConservative Party
57%
Vancouver Canucks
57%
Southernmost city, near DetroitWindsor
55%
Director of Titanic (1997)James Cameron
54%
Name the 7 NHL teamsCalgary Flames
50%
Ottawa Senators
50%
Canadian word for BigfootSasquatch
49%
Calgary is known for herd animal running eventStampede
49%
Bay with the highest tidal range in the worldBay of Fundy
48%
Resort town near Vancouver famous for alpine skiingWhistler
47%
Largest lakes completely in CanadaGreat Bear Lake
46%
Winnipeg Jets
46%
Great Slave Lake
45%
Organization of 52, mostly former British territories, member statesCommonwealth of Nations
44%
Region where this gold was foundKlondike
44%
Longest riverMackenzie River
44%
14th Prime Minister or Canada's busiest airportLester B. Pearson
42%
Victoria Island
42%
How does this anthem begin?Our home and native land
41%
Aboriginal peoples of CanadaFirst Nations
39%
Highest mountainMount Logan
39%
New Democratic Party
39%
Town in Manitoba known as "The Polar Bear Capital of the World"Churchill
37%
Singer, HallelujahLeonard Cohen
37%
Ellesmere Island
36%
Company best-known for smartphones and tabletsBlackberry
35%
Transcontinental highway system which connects all 10 provincesTrans-Canada Highway
34%
Singer, One DanceDrake
32%
River flowing through VancouverFraser River
31%
World's largest manufacturer of frozen French fries, located in FlorencevilleMcCain
29%
First female prime ministerKim Campbell
28%
Dominant political leader during 1920-1940William Lyon Mackenzie King
28%
Bloc Québécois
27%
Retail company which sells automotive, sports and leisure, and home productsCanadian Tire
27%
Small town famous for its 1898 gold rushDawson
27%
Northernmost permanently inhabited placeAlert
23%
Home of the ParliamentParliament Hill
23%
Highest-circulation newspaperToronto Star
23%
Area where Leif Erikson landedVinland
23%
Town in Alberta known as "The Dinosaur Capital of the World"Drumheller
20%
Dominant tower in ^ , Canadian iconPeace Tower
17%
Region in Southern Ontario, densely populatedGolden Horseshoe
15%
This bridge connects Detroit and ^Ambassador Bridge
13%
Archaelogical site in northern NewfoundlandL'Anse aux Meadows
12%
Archipelago formerly known as the 'Queen Charlotte Islands'Haida Gwaii
10%
Small island in the Nares Strait claimed by Canada and DenmarkHans Island
9%
Canada's national mottoA Mari Usque Ad Mare
6%
Governor GeneralDavid Johnston
4%

Score Distribution

Percentile by Number Answered

Percent of People with Each Score

Your Score History

You have not taken this quiz